00842nam a22002537a 4500999001500000001000600015003000900021005001700030008004100047020001500088040002800103082002100131245009600152260004000248300003900288500002000327505001100347650002400358650002500382700002700407700001900434942001200453952012300465 c7598d759810159BD-DhUAP20210125143323.0210125s1981 nyua b 001 0 eng  a0824712692 aDLCcDLCdBD-DhUAPbeng 223a615.1901 PHA aPharmaceutical dosage forms : btablets /cedited by Herbert A. Lieberman and Leon Lachman. aNew York :bMarcel Dekker, cc1981. avolumes :billustrations ;c26 cm. aIncludes index. aV. 2-- aTablets (Medicine). aDrugsvDosage forms. aLieberman, Herbert A.  aLachman, Leon. 2ddccBK 00102ddc4070aUAPCLbUAPCLcReserve Stacksd2021-01-25o615.1901 PHA V-2p3010010159r2021-01-25t1w2021-01-25yBK